000
00286nam a22001217a 4500
003
OSt
008
150215b xxu||||| |||| 00| 0 eng d
041
_a
eng
050
0
0
_a
0460-5446
245
1
0
_a
Magyar Belyegek Katalogusa 1993
260
_b
funk and Wagnalls Company
_c
1993
300
_a
0 pages
999
_c
730
_d
730